000 01083nam a2200301 i 4500
003 EG-GICUC
005 20260121101531.0
008 251221s2004 ua ||||fr|||| 000 0 ara d
017 _a2004/13910
040 _a EG-GICUC
_bara
_c EG-GICUC
_d EG-GICUC
_erda
041 _aara
082 0 4 _221
_a345.451
_bأ ح . ت
092 0 4 _221
099 _aLaw1 07 345.451 أ ح . ت 2004
100 0 _aاحمد سلامة بدر
_eمؤلف.
245 1 2 _aالتحقيق الإداري و المحاكمة التأديبية /
_cدكتور احمد سلامة بدر.
264 1 _aالقاهرة :
_bدار النهضة العربية,
_c2004.
300 _a399 صفحة؛
_c24 سم
_bإيضاحيات، صور، مثيليات ؛
336 _2rda content
_atext
337 _2rda media
_aComputer
338 _2rda carrier
_aOnline Resource
546 _aالنص باللغة العربية
650 1 4 _aالسلطات التاديبية
_2qrmak
651 1 _2qrmak
856 4 0 _uhttps://fll.law.cu.edu.eg/fulltext/bks/B07-01747.pdf
905 _a79
942 _2ddc
_cBK
_e21
_n0
999 _c52100
_d52100